000 00832nam a22002417a 4500
005 20170124105946.0
010 _aA-899305
020 _c00.00
_a9780195642605
035 _aA-899305
037 _bCen Lib/Ret
040 _aDPL
_bEN
082 _a338.954
_bSEN
100 _aSen, Kunal
_912454
245 _aThe process of financial liberalization in India /
_cby Kunal Sen [and] Rajendar R. Vaidya
260 _aNew Delhi
_bOxford University Press
_c1997
270 _aYMCA Library Building, Jai Singh Road
_bNew Delhi
_e110001
300 _axiv,210p.
_c21cm(Hb)
500 _aIncludes index
650 _aMonetary policy
_912455
650 _aFinance--Government policy
_912456
700 _aVaidya, Rajendra R
_912457
942 _2ddc
_cEN
_h338.954
_mSEN
999 _c124936
_d124936